Представление документа в формате RUSMARC

ПолеНазваниеЗначение
  Тип записи a
  Библиографический уровень a
001 Контрольный номер RU/CBS_UL/BASE/666099435
005 Дата корректировки 20240209175258.2
100 Данные общей обработки __
a Данные общей обработки 20210208d2021 ||| 0rusy0189 ca
101 Язык документа 0_
a Язык текста rus
102 Страна публикации __
a Страна публикации RU
105 Кодированные данные (монография) __
a Кодированные данные (монография) y###||||000|y
181 Поле кодированных данных: вид содержания _1
a Код вида содержания (ISBD) i#
b Код характеристики содержания (ISBD) #xxe##
d i
g x
h x
i e
182 Поле кодированных данных: тип средства _1
a Код типа средства (ISBD) n
2 Код системы (источник кода, отличный от ISBD) isbdmedia
200 Заглавие и сведения об ответственности 1_
a Заглавие Раз, два, три - ёлочка, гори!
b Общее обозначение материала Текст
e Сведения, относящиеся к заглавию [история появления первой в мире гирлянды]
g Последующие сведения об ответственности рис. Е. Эргардт
w Текст (визуальный) : непосредственный
203 Вид содержания и тип средства __
a Вид содержания Текст
b Характеристика содержания визуальный
c Тип средства непосредственный
333 Примечание о целевом назначении __
a Примечание о целевом назначении 6+
461 Уровень набора _0
1 2000
a Костер
463 Уровень физической единицы _0
1 001RU/CBS_UL/BASE/665855794
1 2000
a № 1
v С. 31
1 210
d 2021
600 Персоналии _0
a Персоналии (Фамилия) Садакка
b Персоналии (Имя, инициалы) А.
600 Персоналии _0
a Персоналии (Фамилия) Джонсон
b Персоналии (Имя, инициалы) Э.
600 Персоналии _0
a Персоналии (Фамилия) Моррис
b Персоналии (Имя, инициалы) Р.
606 Тематические рубрики 0_
a Основная рубрика Новый год - Традиции - Празднование
z Хронологическая подрубрика 1882 г.
606 Тематические рубрики 0_
z Хронологическая подрубрика 1885 г.
606 Тематические рубрики 0_
z Хронологическая подрубрика 1917 г.
610 Ключевые слова 0_
a Ключевые слова Новый год
610 Ключевые слова 0_
a Ключевые слова украшения ёлки
610 Ключевые слова 0_
a Ключевые слова гирлянды
686 Индексы других классификаций __
a Классификационный индекс 63.5
2 Код системы rubbk
801 Источник записи _0
a Страна RU
b Организация МБУК ЦБС г. Ульяновска
c Дата составления 20210208
g Правила каталогизации RCR
801 Источник записи _1
a Страна RU
b Организация МБУК ЦБС г. Ульяновска
c Дата составления 20210208
g Правила каталогизации RCR
901 Тип документа __
t Тип документа b
w Контрольный № источника RU/CBS_UL/BASE/665855794
910 Корректоры записи __
a Корректор записи oibd3
938 Служебная информация __
a Имя БД period